| 000 | 00987nas a2200265 4500 | ||
|---|---|---|---|
| 001 | BR9102411 | ||
| 003 | BR-BrBNA | ||
| 005 | 20231205092015.0 | ||
| 007 | ta | ||
| 008 | 230509b bl.|||p| |||| 00| 00por d | ||
| 040 |
_aBR-BrBNA _bpor _cBiblioteca Nacional de Agricultura |
||
| 041 | _a(Pt) | ||
| 072 | _aQ02 | ||
| 100 | 1 | _aTimbo, M.O.P. de P. | |
| 100 | 1 | _aMartins, S.C.S. | |
| 245 | 1 | _aDifusao e transferencia de tecnologia de salga e secagem de peixe de agua doce em uma comunidade de pescadores localizada no municipio de Oros, no estado do Ceara | |
| 246 | 1 | _a[Diffusion of fish brining and during technology in fishers community from Ceara state, Oros town! | |
| 650 | _aPEIXE DE AGUA DOCE | ||
| 650 | _aSALGA | ||
| 650 | _aSECAGEM | ||
| 650 | _aCEARA | ||
| 773 | 0 |
_tBoletim do Centro de Pesquisa e Processamento de Alimentos (Brazil) _xISSN 0102-0323 _g(Jan-Jun 1991), v. 9(1) p. 76-78 _wBR9102411 |
|
| 909 |
_a202311 _bLúcia _c55 _dLúcia Elande |
||
| 942 |
_2AGRIS _n0 _cANA |
||
| 999 |
_c128670 _d128670 |
||